| 000 | 00427nam a2200157 4500 | ||
|---|---|---|---|
| 003 | SEACOMEC | ||
| 005 | 20240611123037.0 | ||
| 008 | 240611b |||||||| |||| 00| 0 eng d | ||
| 020 |
_a8188429554 _c400.00 |
||
| 040 | _aSEACOMEC | ||
| 082 |
_a333.7068 _bV684 |
||
| 100 | _aVigneswaran, S | ||
| 245 |
_aEnvironmental management _cS. Vigneswaran, ..[et al.]. |
||
| 260 | _a New Delhi, Scitech Publications, c2004. | ||
| 942 | _cBOOK | ||
| 999 |
_c1324 _d1324 |
||